LEADER 00883naa a2200217 u 4500 001 000000096493 003 CaOOAMICUS 005 20070226130146.0 008 041020s1994 it u000 u ita u 020 $a8802047979 035 $a11012255 040 $aIAR$bita 100 1 $aRico, Francisco,$d1942-$0(OLS)http://pul/name/61489 245 12$aL'umanesimo da Petrarca a Erasmo e Vives /$cFrancisco Rico. 260 $aTorino :$bUTET,$c1994. 300 $aS. 59-80 ;$c29 cm 773 0 $aL'Italia e la formazione della civiltà europea : Letteratura e vita intellettuale. 773 0 $tL'Italia e la formazione della civiltà europea. 2, Letteratura e vita intellettuale$w()19289 996 $6020$a8802047979$9(OLS)http://pul/number/24683 996 $6245$aL'umanesimo da Petrarca a Erasmo e Vives$9(OLS)http://pul/title/123370 996 $6260$aTorino :$bUTET$9(OLS)http://pul/publisher/48088 LEADER 01171nam a2200289 u 4500 001 000000071839 003 CaOOAMICUS 005 20070226122157.0 008 020606s1976 sp u000 u cat u 020 $a8429711902 035 $a10932258 040 $aPUL(R)$bita 100 1 $aLeita, Joan.$0(OLS)http://pul/name/47618 245 10$aAnàlisi destructiva de la religió /$cJoan Leita ; pròleg de J. M. Castellet. 260 $aBarcelona :$bEdicions 62,$c1976. 300 $a140 p. ;$c19 cm 490 1 $aLlibres a l'abast ;$v128 650 4$aAntropologia religiosa.$0(OLS)http://pul/subject/1805 650 4$aReligiosità.$0(OLS)http://pul/subject/6196 830 0$aLlibres a l'abast ;$v128.$0(OLS)http://pul/title/94550 850 $aPUL 852 $aPUL$W1$xDP1 Cons. Gen., Altre Classi 1$y22$m780 A 100$j92920$nBK-PRI$b $qStampati$B92920$CPULBib$Z2$F92920 $H $81 941 1 $a8 961 $aINV: 64029 996 $6020$a8429711902$9(OLS)http://pul/number/92771 996 $6245$aAnàlisi destructiva de la religió$9(OLS)http://pul/title/94549 996 $6260$aBarcelona :$bEdicions 62$9(OLS)http://pul/publisher/73714